00429nam a2200145Ia 4500003000400000008004100004040001600045082001800061100001900079245008500098260003500183300001000218650002700228650002800255GCL140319s9999 xx 000 0 eng d aGCL / cGCL04a302.2301bS R1 aSCANNEL, PADDY10aRADIO, TELEVISION AND MODERN LIFE: A PHENOMENAOGICAL APPROACH / cSCANNEL, PADDY a[S.N] : bBLACK WELL ، c1996 a192 P04aBROADCASTING - HISTORY04aMASS MEDIA - PHILOSOPHY